Dominós de Banderas y Formas de Países - Estadísticas

Estadísticas generales
  • Esta prueba ha sido intentada 14.896 veces
  • La puntuación promedio es 10 de 15
Respuestas en el mapa
Las respuestas están codificadas por una escala verde-roja en el mapa de la prueba según el % correcto abajo.
 
Estadísticas de respuestas
Respuesta % Correcto
85%
80%
74%
73%
72%
71%
71%
70%
69%
67%
67%
66%
63%
63%
50%
No se encontraron pruebas coincidentes
Distribución de puntuación
Porcentaje de gente con cada puntuación
Porcentaje por número respondido
Historial de tus puntuaciones
No has intentado esta prueba.